Normal view
MARC view
Entry Geographic Name
001 - CONTROL NUMBER
- control field: 9022
003 - CONTROL NUMBER IDENTIFIER
- control field: ARRUPE
005 - DATE AND TIME OF LATEST TRANSACTION
- control field: 20140307130521.0
008 - FIXED-LENGTH DATA ELEMENTS
- fixed length control field: 140307|| aca||aabn | a|a d
040 ## - CATALOGING SOURCE
- Original cataloging agency: ARRUPE
- Transcribing agency: ARRUPE
151 ## - HEADING--GEOGRAPHIC NAME
- Geographic name: Nigeria
- General subdivision: History
- Chronological subdivision: Civil War, 1967-1970
- Form subdivision: Congresses.
670 ## - SOURCE DATA FOUND
- Source citation: Work cat.: (ARRUPE)0: Warfare, ethnicity and national identity in Nigeria /, c2013.